000 00346nam a22001217a 4500
008 190313b xxu||||| |||| 00| 0 eng d
041 _aeng
080 _a043.3
100 _a0
101 _aMBE-BA
245 _aNdikimi i Perdorimit te Internetit ne rritjen e Produktivitetit te Ndermarrjeve te Vogla dhe te Mesme
_cNuredini, F
942 _2udc
_cBK
999 _c54776
_d54776